Joueurs de football par images - O - Statistiques

Statistiques générales
  • Ce quiz a été pris 1 422 fois
  • Le résultat moyen est 13 sur 20
Statistiques - réponses
Par images Réponse % Correct
Mesut Özil
99%
Jan Oblak
94%
André Onana
89%
Victor Osimhen
89%
Martin Ødegaard
88%
Loïs Openda
84%
Oscar
84%
Guillermo Ochoa
83%
Nicolás Otamendi
83%
Dani Olmo
78%
Michael Owen
76%
Lucas Ocampos
69%
David Ospina
61%
Jay-Jay Okocha
57%
Adam Ounas
35%
Divock Origi
35%
Ludovic Obraniak
25%
Marc Overmars
23%
Ivica Olić
16%
Shinji Okazaki
14%
Aucun quiz correspondant
Distribution des résultats
% des personnes avec chaque résultat
Percentile par nombre de réponses
Votre historique - résultats
Vous n’avez pas pris ce quiz